000 00361nam a2200181Ia 4500
100 _aDhillon/Vikram
650 _aBlock chain
250 _a2
942 _cBK
366 _f27
654 _abitcoin
245 _ablock chain enabled applications
260 _bApress
_c2021
082 _a5.76
_bDHI
300 _a380
546 _aENGLISH
999 _c20344
_d20344